000 004470000a22001690004500
020 _a958-601-832-6
041 0 _aSPA
082 0 4 _aG 303.6 G569p
245 1 0 _aPara dónde va Colombia? / Hernando Gómez Buendía, Compilador
260 _aBogotá, Colombia : Tercer Mundo
300 _a258 Pag
001 9292
942 _cBK
999 _c39345
_d39345
336 _atexto
_btxt
_2rdacontent
337 _2rdamedia
_asin mediación
_bn
338 _2rdacarrier
_avolumen
_bnc